• 首页
  • 本馆介绍
  • 公告通知
  • 最新文献
  • 馆藏检索
  • 电子资源
  • 读者导购
  • 参考咨询
  • 我的图书馆
  • 登录
  • 详细信息显示
  • 放入我的书架
  • 预约/预借图书
  • 作者相关作品
  • 分类相关作品
  • 丛书相关作品
  • 出版社相关作品

书目信息

  • 表格格式
  • 工作单格式
  • 卡片格式
题名:
小型报纸的基本知识
    
 
作者: 沈史明 著
分册:  
出版信息: 北京   中国人民大学出版社  1984
页数: 114页
开本: 19cm
丛书名:
单 册:
中图分类: G213 , G216
科图分类:
主题词: 报纸编辑--基本知识 , 新闻学 , 新闻工作
电子资源:
ISBN:
000 00717nam0 2200277 45
001 0184014121
005 20040427105309.3
010    @dCNY0.50
091    @a7011.100
100    @a19950705d1984 em y0chiy0121 ea
101 0  @achi
102    @aCN@b110000
105    @ay z 000yy
106    @ar
200 10 @a小型报纸的基本知识@Axiao xing bao zhi de ji ben zhi shi@f沈史明著
210    @a北京@c中国人民大学出版社@d1984
215    @a114页@d19cm
606    @a报纸编辑@x基本知识
606 0  @a新闻学
606 0  @a新闻工作
690    @aG213@v3
690    @aG216
701  0 @a沈史明@Ashen shi ming@4著
801  0 @aCN@b上海图书馆@c20040427
801  2 @aCN@bNLC@c20040427
905    @f2@b132335-336@dG216@e36
    
    小型报纸的基本知识/沈史明著.-北京:中国人民大学出版社,1984
    114页;19cm
    
    
    ISBN :CNY0.50
    
●
相关链接 在E读中查询图书 在五车中查询图书 在当当中查询图书 在豆瓣中查询图书


正题名:小型报纸的基本知识     索取号:G216/36         预约/预借

序号 登录号 条形码 馆藏地/架位号 状态 备注
1 0132335   000495752   第一样本阅览室/ [索取号:G216/36] 在馆    
2 0132336   000495761   密集书库/ [索取号:G216/36] 在馆    
唐山师范学院图书馆 欢迎您!
大连网信软件有限公司© 版权所有